Putting quality back in the barrel.
Vývoj a expanzia tradičného rodinného podniku na výrobu sudov a kontajnerov v posledných desaťročiach. Renomovaná kvalita produkcie bola založená na remeselnej dôkladnosti a priamom styku so zákazníkmi. Postupné zhoršenie hospodárskych výsledkov podniku a straty trhu viedli k revízii podnikovej stra...
Gespeichert in:
| 1. Verfasser: | |
|---|---|
| Format: | Buchkapitel |
| Sprache: | Englisch |
| Schlagworte: | |
| Tags: |
Keine Tags, Fügen Sie das erste Tag hinzu!
|
MARC
| LEADER | 00000naa a2200000 4500 | ||
|---|---|---|---|
| 001 | r010119 | ||
| 005 | 20220913122613.4 | ||
| 041 | 0 | |a eng | |
| 044 | |a US | ||
| 245 | 1 | 0 | |a Putting quality back in the barrel. |c G.M. Herrington |
| 520 | |a Vývoj a expanzia tradičného rodinného podniku na výrobu sudov a kontajnerov v posledných desaťročiach. Renomovaná kvalita produkcie bola založená na remeselnej dôkladnosti a priamom styku so zákazníkmi. Postupné zhoršenie hospodárskych výsledkov podniku a straty trhu viedli k revízii podnikovej stratégie. Zavedenie totálneho riadenia akosti vyriešilo problém akosti požadovanej zákazníkom. Konkrétne kroky vnútri podniku a navonok pri implementácii systému. | ||
| 610 | 2 | 0 | |a kvalita výrobkov |
| 610 | 2 | 0 | |a riadenie kvality |
| 610 | 2 | 0 | |a riadenie podnikové |
| 610 | 2 | 0 | |a kontrola kvality |
| 610 | 2 | 0 | |a zákazníci |
| 100 | 1 | |a Herrington, G.M. | |